[Event "Porto Sant Elpidio op-B 7th"]
[Site "Porto Sant Elpidio"]
[Date "2004.11.21"]
[Round "6"]
[White "Egidi, Daniele"]
[Black "Di Mantino, Mauro"]
[Result "0-1"]
[WhiteElo "1353"]
[BlackElo "1392"]
[PlyCount "74"]
[EventDate "2004.11.13"]
[EventType "swiss"]
[EventRounds "6"]
[EventCountry "ITA"]
[SourceTitle "EXT 2024"]
[Source "ChessBase"]
[SourceDate "2023.10.10"]
[SourceVersion "1"]
[SourceVersionDate "2023.10.10"]
[SourceQuality "1"]

1. d4 Nf6 2. c4 g6 3. Nc3 Bg7 4. e4 d6 5. Nf3 0-0 6. Bg5 h6 7. Bh4 Qe8 8. Qc2 e5 9. d5 Nh7 10. 0-0-0 f5 11. Nb5 Na6 12. Bd3 f4 13. g3 g5 14. gxf4 gxh4 15. f5 Rf7 16. Rhg1 Nb4 17. Qa4 Nxd3+ 18. Rxd3 a6 19. Nxh4 Bd7 20. Nxc7 Bxa4 21. Nxe8 Rxe8 22. Rg6 Rf6 23. Rf3 Rxg6 24. fxg6 Ng5 25. Rg3 Nxe4 26. Rf3 Ng5 27. Rf5 Bd7 28. f4 Bxf5 29. Nxf5 exf4 30. Nxd6 Re1+ 31. Kc2 f3 32. h4 f2 33. Nf5 f1Q 34. Nxh6+ Bxh6 35. d6 Re3 36. d7 Qf2+ 37. Kd1 Re1# 0-1

[Event "Porto Sant Elpidio op-B 7th"]
[Site "Porto Sant Elpidio"]
[Date "2004.11.14"]
[Round "3"]
[White "Iaconi, Andrea"]
[Black "Egidi, Daniele"]
[Result "1-0"]
[WhiteElo "1774"]
[BlackElo "1353"]
[PlyCount "103"]
[EventDate "2004.11.13"]
[EventType "swiss"]
[EventRounds "6"]
[EventCountry "ITA"]
[SourceTitle "EXT 2024"]
[Source "ChessBase"]
[SourceDate "2023.10.10"]
[SourceVersion "1"]
[SourceVersionDate "2023.10.10"]
[SourceQuality "1"]

1. e4 d5 2. exd5 Qxd5 3. Nc3 Qa5 4. d4 e6 5. Nf3 Bb4 6. Bd2 Bxc3 7. Bxc3 Qd5 8. Bd3 Nf6 9. 0-0 0-0 10. Bb4 c5 11. Bxc5 Rd8 12. Be7 Rd7 13. Bxf6 gxf6 14. c3 f5 15. Ne5 Rd6 16. Qh5 Rd7 17. Nxd7 Bxd7 18. Qg5+ Kf8 19. f4 Nc6 20. Rf3 Nxd4 21. Rh3 Bc6 22. Rf1 Qc5 23. cxd4 Qxd4+ 24. Rf2 Rc8 25. Qg3 Bd5 26. Qe3 Qxe3 27. Rxe3 Rc1+ 28. Rf1 Rc5 29. Ree1 Bxa2 30. Ra1 Bd5 31. Rxa7 h5 32. Be2 Bxg2 33. Kxg2 Rc2 34. Rf2 Rxb2 35. Bxh5 Rb3 36. Raa2 b5 37. Rab2 Rc3 38. Rxb5 Kg7 39. Rb7 Kh6 40. Bxf7 e5 41. fxe5 Kg5 42. e6 f4 43. e7 f3+ 44. Kg3 Re3 45. e8Q Re2 46. Qg8+ Kf5 47. Rxf3+ Ke5 48. Re7+ Kd4 49. Qd8+ Kc5 50. Rc7+ Kb6 51. Rb3+ Ka5 52. Ra7# 1-0